000 00386nam a2200157Ia 4500
008 230917s9999||||xx |||||||||||||| ||und||
040 _e195670
_aMAIN
041 _aEnglish
082 _a005.43 G541O(3)
100 _aGodbole, Achyut S
245 0 _aOperating systems
250 _a3rd ed.
260 _aNew Delhi
_bTata mcGraw-Hill
_c2011
300 _axxiii, 665 p.
942 _cBK
999 _c163677
_d163677